| 000 | 00559nam a2200217Ia 4500 | ||
|---|---|---|---|
| 003 | OSt | ||
| 005 | 20220107122755.0 | ||
| 008 | 130318s9999 xx 000 0 und d | ||
| 020 | _a9781499253641 | ||
| 040 | _cIIITM-K | ||
| 082 | _a070.5797 FOU/E | ||
| 100 |
_aFourie, HL _95771 |
||
| 245 |
_aEasy e-book publishing _cby HL Fourie |
||
| 260 |
_bCreatespace, _aU.S.A, _c2014. |
||
| 300 | _a95p. | ||
| 650 |
_aELECTRONIC INFORMATION _95772 |
||
| 650 |
_aELECTRONIC BOOKS _95773 |
||
| 650 |
_aEPUBLISHING _95774 |
||
| 650 |
_aE-BOOKS _95775 |
||
| 942 |
_2ddc _cBK |
||
| 999 |
_c4457 _d4457 |
||